000 00925nas a2200301 4500
001 BR2017001848
003 BR-BrBNA
005 20231205131018.0
007 ta
008 230509b bl.|||p| |||| 00| 00por d
040 _aBR-BrBNA
_bpor
_cBiblioteca Nacional de Agricultura
041 _a(En)
072 _aP33; F04
100 1 _aOtto, R.
100 1 _aZavaschi, E.
100 1 _aSouza Netto, G.J.M. de
100 1 _aMachado, B. de A.
100 1 _aMira, A.C.B. de
245 1 _aAmmonia volatilization from nitrogen fertilizers applied to sugarcane straw
650 _aCANA DE AÇÚCAR
650 _aPALHADA
650 _aANÁLISE DO SOLO
650 _aFERTILIZANTE NITROGENADO
650 _aFERTILIDADE DO SOLO
773 0 _tRevista Ciência Agronômica (Brazil)
_xISSN 0045-6888
_g(Jul-Sep 2017), v. 48(3) p. 413-418
_wBR2017001848
909 _a202311
_bLúcia
_c55
_dLúcia Elande
942 _2AGRIS
_n0
_cANA
999 _c252581
_d252581